Theory of linear operators in Hilbert Space
Saved in:
| Main Authors: | , |
|---|---|
| Format: | Book |
| Language: | English |
| Published: |
Nueva York
Frederick Ungar Publishing Co.
1961
|
| Subjects: | |
| Tags: |
Add Tag
No Tags, Be the first to tag this record!
|
MARC
| LEADER | 00000cam a2200000 a 4500 | ||
|---|---|---|---|
| 001 | UCF2460 | ||
| 003 | CL-VaPUC | ||
| 008 | 120824e19610000US |||||||||||||||||eng|d | ||
| 082 | 0 | 4 | |a 515.7246 |b AKH |2 21 |
| 100 | 0 | |a Akhiezer, N. I |e author |9 564105 | |
| 700 | |a Glazman, I. M |e author |9 564106 | ||
| 245 | 1 | 0 | |a Theory of linear operators in Hilbert Space |
| 300 | |a v | ||
| 942 | |c BK | ||
| 945 | |d 20120824 00:00:00 |a dcastane | ||
| 260 | |a Nueva York |b Frederick Ungar Publishing Co. |c 1961 | ||
| 650 | 0 | |a Operadores lineales |9 271265 | |
| 650 | 0 | |a Espacio de Hilbert |9 260141 | |
| 583 | |a last modification |c 20120824 12:41:00 |k Rodrigo Vera | ||
| 999 | |c 349021 |d 349019 | ||
| 952 | |0 0 |1 0 |4 0 |6 515_724600000000000_AKH_1961 |7 0 |8 A |9 451397 |a BIBMAT |b BIBMAT |d 2019-11-22 |h v.1 |i 4889118 |o 515.7246 AKH 1961 |p 4889118 |r 2025-01-07 |w 2019-11-22 |y BK |k MAT | ||